000 00590nam a2200181Ia 4500
005 20251020182614.0
008 200515s9999 xx 000 0 und d
082 _aSC/691.328/G43
100 _aGHIO CASTLLO, Virgilio
245 0 _aTecnología del concreto: eficiencia y competitividad en la construcción
260 _aLima
260 _c1994
300 _a114
520 _aContiene: artículos sobre, tecnología del concreto, aditivos, concretos masivos, concretos de alta resistencia, concretos estructurales ligeros,
650 _aADITIVOS
650 _aCONCRETO
942 _cLIB
999 _c3448
_d3448